نخبة الفكر في مصطلح اهل الاثر/ (رقم التسجيلة. 81378)
[ عرض عادي ]
| 000 -الفاتح | |
|---|---|
| حقل البيانات ثابتة الطول | 01109nam a22002417a 4500 |
| 003 - محدد رقم الضبط | |
| رقم الضبط | OSt |
| 005 - وقت وتاريخ اخر تعامل مع التسجيلة | |
| رقم الضبط | 20220809155736.0 |
| 008 - عناصر البيانات ثابتة الطول - معلومات عامة | |
| حقل البيانات ثابتة الطول | 220809b2012 su ||||g |||| 00| 0 ara d |
| 020 ## - الرقم الدولى المعيارى للكتب | |
| الرقم الدولى المعيارى للكتاب | 978603802925 |
| 040 ## - مصدر الفهرسة | |
| وكالة الفهرسة الأصلية | Ma-Un |
| وكالة النسخ | Ma-Un |
| 082 ## - رقم تصنيف ديوى العشرى | |
| رقم الطبعة | 21 |
| رقم التصنيف | 231 |
| رقم المادة | ح أ ن |
| 100 ## - المدخل الرئيسى - إسم شخصى | |
| الإسم الشخصى | ابن حجر العسقلاني، أحمد بن علي. |
| 245 ## - بيان العنوان | |
| العنوان | نخبة الفكر في مصطلح اهل الاثر/ |
| بيان المسئوليه,etc | شهاب الدين احمد بن حجر العسقلاني ؛ عني به سعد عماد سعد الدين كعكي. |
| 250 ## - بيان الطبعة | |
| بيان الطبعة | ط. 1. |
| 260 ## - PUBLICATION, DISTRIBUTION, ETC. (IMPRINT) | |
| مكان الناشر او الموزع | الرياض : |
| اسم الناشر او الموزع | دار التوحيد للنشر، |
| تاريخ النشر أو التوزيع | 2012 |
| تاريخ النشر هجري | 1433 |
| 300 ## - الوصف المادى | |
| التعداد | 80 ص. ؛ |
| أبعاد الوعاء | 24 سم. |
| 504 ## - تبصرة ببليوجرافية | |
| تبصرة ببليوجرافية,الخ | يشتمل على قائمة ببليوجرافية. |
| 600 ## - المدخل الاضافى بالموضوع-اسم شخصى | |
| الإسم الشخصى | ابن حجر العسقلاني, شهاب الدين ابوالفضل احمد بن علي بن محمد بن علي الكتاني. |
| التواريخ المصاحبة للاسم | 773 - 852 هـ |
| 650 ## - المدخل الاضافى بالموضوع-مصطلح موضوعى | |
| مصطلح موضوعي أو اسم جغرافي كعنصر مدخل | الحديث. |
| التقسيم الفرعي العام | علوم. |
| 650 ## - المدخل الاضافى بالموضوع-مصطلح موضوعى | |
| مصطلح موضوعي أو اسم جغرافي كعنصر مدخل | الحديث. |
| التقسيم الفرعي العام | مصطلح. |
| 700 ## - المدخل الاضافى - اسم شخصى | |
| الإسم الشخصى | كعكي، سعد عماد سعد الدين. |
| الدور | محقق. |
| 952 ## - LOCATION AND ITEM INFORMATION (KOHA) | |
| نوع المادة فى نظام كوها | كتاب |
| 952 ## - LOCATION AND ITEM INFORMATION (KOHA) | |
| نوع المادة فى نظام كوها | كتاب |
| 952 ## - LOCATION AND ITEM INFORMATION (KOHA) | |
| نوع المادة فى نظام كوها | كتاب |
| 952 ## - LOCATION AND ITEM INFORMATION (KOHA) | |
| نوع المادة فى نظام كوها | كتاب |
| 952 ## - LOCATION AND ITEM INFORMATION (KOHA) | |
| نوع المادة فى نظام كوها | كتاب |
| 952 ## - LOCATION AND ITEM INFORMATION (KOHA) | |
| نوع المادة فى نظام كوها | كتاب |
| 952 ## - LOCATION AND ITEM INFORMATION (KOHA) | |
| نوع المادة فى نظام كوها | كتاب |
| 952 ## - LOCATION AND ITEM INFORMATION (KOHA) | |
| نوع المادة فى نظام كوها | كتاب |
| 952 ## - LOCATION AND ITEM INFORMATION (KOHA) | |
| نوع المادة فى نظام كوها | كتاب |
| 942 ## - | |
| -- | ddc |
| -- | BOOK |
| حالة الفقد | نموذج السعر الفعال | حالة تلف | ليس للاعارة | تاريخ الاكتساب | رقم الطلب | تاريخ الاكتساب | الموقع الحالي | الباركود | الفرع الرئيسي | Date last seen | مصدر التصنيف او خطة الترفيف | Total Checkouts |
|---|---|---|---|---|---|---|---|---|---|---|---|---|
| 2022-08-09 | Not For Loan | 2022-08-09 | 231 ح أ ن | 2022-08-09 | CL | 00184564 | المكتبة المركزية بالمجمعة (CL) | 2022-08-09 | Dewey Decimal Classification | |||
| 2022-08-09 | 2022-08-09 | 231 ح أ ن | 2022-08-09 | CL | 00184565 | المكتبة المركزية بالمجمعة (CL) | 2022-08-09 | Dewey Decimal Classification | ||||
| 2022-08-09 | 2022-08-09 | 231 ح أ ن | 2022-08-09 | CL | 00184566 | المكتبة المركزية بالمجمعة (CL) | 2022-08-09 | Dewey Decimal Classification | ||||
| 2022-10-03 | Not For Loan | 2022-10-03 | 231 ح أ ن | 2022-10-03 | EMF | 00260425 | مكتبة مجمع الطالبات بالمجمعة (EMF) | 2022-10-03 | Dewey Decimal Classification | |||
| 2022-10-03 | 2022-10-03 | 231 ح أ ن | 2022-10-03 | EMF | 00260426 | مكتبة مجمع الطالبات بالمجمعة (EMF) | 2022-10-03 | Dewey Decimal Classification | ||||
| 2022-10-03 | Not For Loan | 2022-10-03 | 231 ح أ ن | 2022-10-03 | EZF | 00260423 | مكتبة كلية التربية بالزلفى - طالبات (EZF) | 2022-10-03 | Dewey Decimal Classification | |||
| 2022-10-03 | 2022-10-03 | 231 ح أ ن | 2022-10-03 | EZF | 00260424 | مكتبة كلية التربية بالزلفى - طالبات (EZF) | 2022-10-03 | Dewey Decimal Classification | ||||
| 2022-08-09 | Not For Loan | 2022-08-09 | 231 ح أ ن | 2022-08-09 | SZM | 00184567 | مكتبة مجمع الكليات بالزلفى - طلاب (SZM) | 2022-08-09 | Dewey Decimal Classification | |||
| 2022-08-09 | 2022-08-09 | 231 ح أ ن | 2022-08-09 | SZM | 00184568 | مكتبة مجمع الكليات بالزلفى - طلاب (SZM) | 2022-08-09 | Dewey Decimal Classification |
